000 00681nam a2200217Ia 4500
003 GCL
008 140319s9999 xx 000 0 ara d
040 _aGCL /
_cGCL
082 0 4 _aط
_b813.088
_bك ق
100 1 _aعليه توفيق
245 1 0 _aالقاضى العادل وحكايات اخرى /
_cعليه توفيق
700 1 _aكمال درويش
260 _a[S.N] :
_bمركز الاهرام للترجمة والنشر ،
_c1986
300 _a50 ص
490 _aحكايات عربية واسلامية
_v0
650 0 4 _aالاطفال
650 0 4 _aالقصص
650 0 4 _aقصص الاطفال
650 0 4 _aالقصص الدينية
942 _2ddc
_cBK
999 _c56582
_d56582